Arata Isozaki (Registro nro. 9357)

Detalles MARC
000 -LEADER
campo de control de longitud fija 02039camaa2200457Mu 4500
003 - IDENTIFICADOR DE NÚMERO DE CONTROL
campo de control PE-LiUPU
005 - FECHA Y HORA DE LA ÚLTIMA TRANSACCIÓN
campo de control 20250731183343.0
008 - DATOS DE LONGITUD FIJA--INFORMACIÓN GENERAL
campo de control de longitud fija 930329s1991 sp 000 0 spa d
020 ## - NÚMERO INTERNACIONAL ESTÁNDAR DEL LIBRO
Número Internacional Estándar del Libro 8425215021
020 ## - NÚMERO INTERNACIONAL ESTÁNDAR DEL LIBRO
Número Internacional Estándar del Libro 9788425215025
035 ## - NÚMERO DE CONTROL DEL SISTEMA
Número de control de sistema (Sirsi) i9788425215025
040 ## - FUENTE DE CATALOGACIÓN
Centro catalogador/agencia de origen PE-LiUPU
Lengua de catalogación spa
Centro/agencia transcriptor PE-LiUPU
Normas de descripción rda
049 ## - FONDOS LOCALES (OCLC)
Biblioteca depositaria PRUA
082 04 - NÚMERO DE LA CLASIFICACIÓN DECIMAL DEWEY
Número de clasificación 720.92
Cutter A66
245 00 - MENCIÓN DEL TÍTULO
Título Arata Isozaki
Medio [Texto impreso]
Resto del título : Arquitectura : 1960-1990
Mención de responsabilidad, etc. / textos de David B. Stewart, Hajime Yatsuka ; versión castellana Joaquim Romaguera i Ramió.
264 ## - PRODUCCIÓN, PUBLICACIÓN, DISTRIBUCIÓN, FABRICACIÓN Y COPYRIGHT
Producción, publicación, distribución, fabricación y copyright Barcelona
Nombre del de productor, editor, distribuidor, fabricante Gustavo Gili
Fecha de producción, publicación, distribución, fabricación o copyright 1991.
300 ## - DESCRIPCIÓN FÍSICA
Extensión 304 páginas. :
Otras características físicas ilustraciones. ;
Dimensiones 28 centímetros
336 ## - TIPO DE CONTENIDO
Término de tipo de contenido text
Fuente rdacontent
337 ## - TIPO DE MEDIO
Nombre/término del tipo de medio unmediated
Fuente rdamedia
338 ## - TIPO DE SOPORTE
Nombre/término del tipo de soporte volume
Fuente rdacarrier
500 ## - NOTA GENERAL
Nota general Traducción de: Arata Isozaki. Architecture 1960-1990.
504 ## - NOTA DE BIBLIOGRAFÍA, ETC.
Nota de bibliografía, etc. Bibliografía: páginas. 296-298.
505 ## - NOTA DE CONTENIDO CON FORMATO
Nota de contenido con formato Prefacio, por Richard Koshakel -- Dioses y hombres, por David B. Stewart -- Arata Isozaki despues de 1980: del manierismo al pintoresquismo, por Hajime Yatsuka -- Obras y proyectos 1960 - 1990 -- Apéndices.
526 ## - NOTA DE INFORMACIÓN SOBRE EL PROGRAMA DE ESTUDIO
Nombre del programa Maestría Bim Facility Management (A distancia)
526 ## - NOTA DE INFORMACIÓN SOBRE EL PROGRAMA DE ESTUDIO
Nombre del programa
526 ## - NOTA DE INFORMACIÓN SOBRE EL PROGRAMA DE ESTUDIO
Nombre del programa Educación musical y artes
526 ## - NOTA DE INFORMACIÓN SOBRE EL PROGRAMA DE ESTUDIO
Nombre del programa Educación, especialidad educación física
526 ## - NOTA DE INFORMACIÓN SOBRE EL PROGRAMA DE ESTUDIO
Nombre del programa Arquitectura
596 ## -
-- 1
600 17 - PUNTO DE ACCESO ADICIONAL DE MATERIA--NOMBRE DE PERSONA
Nombre de persona Isozaki, Arata
Fechas asociadas al nombre (1931-)
Fuente del encabezamiento o término embne
650 14 - PUNTO DE ACCESO ADICIONAL DE MATERIA--TÉRMINO DE MATERIA
Término de materia o nombre geográfico como elemento de entrada Arquitectura moderna
Subdivisión cronológica Siglo XX
Subdivisión geográfica Japón.
700 1# - ENTRADA AGREGADA--NOMBRE PERSONAL
Nombre de persona Romaguera i Ramió, Joaquim
Fechas asociadas al nombre 1941-2006.
700 1# - ENTRADA AGREGADA--NOMBRE PERSONAL
Nombre de persona Stewart, David B.
700 1# - ENTRADA AGREGADA--NOMBRE PERSONAL
Nombre de persona Yatsuka, Hajime.
910 ## - DATOS DE OPCIÓN DEL USUARIO (OCLC)
Datos de opción del usuario jck
-- bpc
-- bpc
-- 20160512
942 ## - ELEMENTOS DE ENTRADA SECUNDARIOS (KOHA)
Fuente del sistema de clasificación o colocación Clasificación Decimal Dewey
Tipo de ítem Koha
949 ## - PROCESAMIENTO DE INFORMACIÓN LOCAL (OCLC)
a 720.92 A66
w DEWEY
c 1
i 72834
l CCODEBUL1
m BUL
p 449.96
r 0
s Y
t BOOK
u 2016-5-12
x INGENIERIA
-- P06
0 COMPRA
o .CIRCNOTE. El documento es de alto precio.
-- .STAFF. Colección General
994 ## -
-- C0
-- PEPRU
999 ## - NÚMEROS DE CONTROL DE SISTEMA (KOHA)
-- DEWEY
-- 72834
-- 2021-11-9
-- 7
-- CCODEBUL1
-- BUL
-- 449.96
-- 0
-- Y
-- BOOK
-- 2016-5-12
-- INGENIERIA
-- P06
-- COMPRA
-- .CIRCNOTE. El documento es de alto precio.
-- .STAFF. Colección General
980 ## - EQUIVALENCIA O REFERENCIA-CRUZADA-MENCIÓN DE SERIE--NOMBRE DE PERSONA/TÍTULO [LOCAL, CANADÁ]
ID del último usuario que modificó el registro 1
Nombre del último usuario que modificó el registro ALBERTO SANCHEZ Responsable de Automatización
Existencias
Visto por última vez Número de inventario Total de préstamos Signatura topográfica completa Código de barras Copia número Coste, precio de reemplazo Fecha de reemplazo Facultad Tipo de ítem Koha Nota pública Estado de pérdida Fuente del sistema de clasificación o colocación Restricciones de uso No para préstamo Colección Programa académico Biblioteca de origen Biblioteca actual Ubicación en estantería Fecha de adquisición Fuente de adquisición Coste, precio normal de compra
2025-12-02 8   720.92 A66 72834 e1 454.96 2016-05-12 FIA Libros físicos inventario-2023-12-13 No Perdido Clasificación Decimal Dewey No restringido Disponible para préstamos Colección General Arquitectura Biblioteca CRAI UPeU Lima Biblioteca CRAI UPeU Lima Sala principal 2016-05-12 COMPRA 449.96